| 000 | 00847nam a2200253 a 4500 | ||
|---|---|---|---|
| 001 | BRL_1951 | ||
| 003 | FranzMayer | ||
| 005 | 20230918123004.0 | ||
| 008 | 251116s2009----mx-a######---#000-0#spa-# | ||
| 040 | _cmfm | ||
| 041 | _aspa | ||
| 044 | _amx | ||
| 050 | 4 |
_aNK6414 _b.C47 2009 |
|
| 100 | 1 |
_aCervantes, Luz Elena _928296 |
|
| 245 | 1 | 0 |
_aEl cobre y el hierro en la artesanía mexicana _cLuz Elena Cervantes ; revisión y actualización Marco Buenrostro. |
| 260 |
_aMéxico _bFONART Fondo Nacional para el Fomento de las Artesanías _c2009 |
||
| 300 |
_a39 p. _bil. _c21 cm. |
||
| 440 | 0 |
_aArtesanías tradicionales. Apuntes monográficos _927490 |
|
| 500 | _aUn ejemplar en Anexo 1 | ||
| 650 | 1 | 4 |
_aArtesanías _zMéxico _93976 |
| 651 | 4 |
_aMéxico _xVida social y costumbres _9769 |
|
| 700 | 1 |
_aBuenrostro, Marco _911025 |
|
| 942 |
_2lcc _cB |
||
| 999 |
_c10758 _d10758 |
||